[Event "2019 Tom Weston Open Major"]
[Site "Cardiff"]
[Date "2019.04.20"]
[Round "4.13"]
[White "White, Sam"]
[Black "Parri, Deio"]
[Result "1/2-1/2"]
[WhiteElo "1498"]
[BlackElo "1652"]
[PlyCount "85"]
[EventDate "2019.04.19"]
[EventType "swiss"]
[EventRounds "7"]
[EventCountry "WLS"]
[WhiteClock "0:26:55"]
[BlackClock "0:21:29"]

1. d4 {[%emt 0:00:04]} d5 {[%emt 0:00:16]} 2. Bf4 {[%emt 0:00:17]} e6 {[%emt 0:
01:36]} 3. Nf3 {[%emt 0:00:14]} Nf6 {[%emt 0:00:34]} 4. e3 {[%emt 0:01:47]} Be7
{[%emt 0:02:04]} 5. Bb5+ {[%emt 0:00:43]} c6 {[%emt 0:02:44]} 6. Bd3 {[%emt 0:
00:14]} b6 {[%emt 0:03:02]} 7. Ne5 {[%emt 0:03:32]} Bb7 {[%emt 0:01:28]} 8. O-O
{[%emt 0:00:47]} O-O {[%emt 0:01:07]} 9. Nd2 {[%emt 0:00:11]} c5 {[%emt 0:06:
11]} 10. c3 {[%emt 0:00:36]} Nbd7 {[%emt 0:00:43]} 11. Rc1 {[%emt 0:05:27]} a6
{[%emt 0:02:52]} 12. Ndf3 {[%emt 0:07:18]} b5 {[%emt 0:14:17]} 13. Bb1 {
[%emt 0:03:23]} a5 {[%emt 0:01:33]} 14. Qc2 {[%emt 0:02:55]} Rc8 {[%emt 0:04:
54]} 15. Nxd7 {[%emt 0:00:20]} Qxd7 {[%emt 0:00:16]} 16. Ne5 {[%emt 0:00:04]}
Qd8 {[%emt 0:00:32]} 17. Bg5 {[%emt 0:03:17]} g6 {[%emt 0:02:30]} 18. Qe2 {
[%emt 0:06:01]} Nh5 {[%emt 0:02:14]} 19. Bxe7 {[%emt 0:01:53]} Qxe7 {[%emt 0:
00:08]} 20. Qxb5 {[%emt 0:00:12]} f6 {[%emt 0:01:17]} 21. Qd7 {[%emt 0:02:35]}
Rfe8 {[%emt 0:01:42]} 22. Qxe7 {[%emt 0:00:51]} Rxe7 {[%emt 0:00:10]} 23. Nf3 {
[%emt 0:03:19]} Ba6 {[%emt 0:03:44]} 24. Rfe1 {[%emt 0:00:03]} Rb7 {[%emt 0:02:
48]} 25. g4 {[%emt 0:01:39]} Ng7 {[%emt 0:03:07]} 26. b3 {[%emt 0:04:02]} c4 {
[%emt 0:00:21]} 27. Bc2 {[%emt 0:01:55]} cxb3 {[%emt 0:00:38]} 28. Bxb3 {
[%emt 0:00:03]} Rbc7 {[%emt 0:00:22]} 29. g5 {[%emt 0:10:47]} Kf7 {[%emt 0:02:
01]} 30. gxf6 {[%emt 0:00:05]} Kxf6 {[%emt 0:00:19]} 31. Ne5 {[%emt 0:00:05]}
Rxc3 {[%emt 0:01:04]} 32. Rxc3 {[%emt 0:01:23]} Rxc3 {[%emt 0:00:06]} 33. Nd7+
{[%emt 0:00:29]} Ke7 {[%emt 0:00:44]} 34. Nc5 {[%emt 0:00:05]} Bb5 {[%emt 0:01:
21]} 35. Rb1 {[%emt 0:02:56]} Be2 {[%emt 0:05:41]} 36. Nb7 {[%emt 0:08:11]} Bd3
{[%emt 0:03:15]} 37. Re1 {[%emt 0:05:30]} Nf5 {[%emt 0:03:47]} 38. Nxa5 {
[%emt 0:00:28]} Nh4 {[%emt 0:00:06]} 39. Bd1 {[%emt 0:00:02]} Rc1 {[%emt 0:04:
42]} 40. Nb3 {[%emt 0:00:05]} Rb1 {[%emt 0:00:40]} 41. Nd2 {[%emt 0:00:02]} Rc1
{[%emt 0:02:58]} 42. Nb3 {[%emt 0:00:34]} Rb1 {[%emt 0:00:19]} 43. Nd2 {
[%emt 0:00:33]} 1/2-1/2

[Event "2019 Tom Weston Open Major"]
[Site "Cardiff"]
[Date "2019.04.20"]
[Round "4.14"]
[White "O`rourke, Kevin"]
[Black "Blackmore, Simon"]
[Result "0-1"]
[WhiteElo "1253"]
[BlackElo "1738"]
[PlyCount "124"]
[EventDate "2019.04.19"]
[EventType "swiss"]
[EventRounds "7"]
[EventCountry "WLS"]

1. e4 e5 2. Nf3 Nc6 3. d4 exd4 4. Nxd4 Nxd4 5. Qxd4 b6 6. Be3 Bb7 7. Nc3 Nf6 8.
Be2 Qe7 9. Bf3 d6 10. O-O-O g6 11. Qa4+ Qd7 12. Qxd7+ Nxd7 13. Nd5 O-O-O 14.
Bd4 Bh6+ 15. Kb1 Rhe8 16. Bf6 Nxf6 17. Nxf6 Re5 18. Ng4 Rh5 19. Nf6 Rb5 20. Nd5
Bg7 21. b3 Re8 22. Bg4+ f5 23. Bh3 Rxe4 24. Rhe1 Rxe1 25. Rxe1 Rxd5 26. g4 Re5
27. Rf1 fxg4 28. Bxg4+ Kd8 29. f4 Re3 30. f5 gxf5 31. Bxf5 Be4 32. Bg4 Bc3 33.
a4 Re1+ 34. Rxe1 Bxe1 35. h3 Bc3 36. h4 Ke7 37. Bd1 Kf6 38. Ka2 Kg6 39. h5+ Kg5
40. Ka3 a5 41. Ka2 Bd5 42. Kb1 Bf7 43. Kc1 Bxh5 44. Bxh5 Kxh5 45. Kd1 d5 46.
Ke2 Kg4 47. Kd3 d4 48. Kc4 c6 49. Kd3 Kf3 50. b4 axb4 51. Kc4 h5 52. Kb3 h4 53.
Kc4 Ke3 54. Kb3 Kd2 55. a5 bxa5 56. Ka2 h3 57. Kb3 h2 58. Ka4 h1=Q 59. Kxa5
Qd5+ 60. Ka4 Qb5+ 61. Kb3 c5 62. Ka2 Qa4+ 0-1

[Event "2019 Tom Weston Open Major"]
[Site "Cardiff"]
[Date "2019.04.21"]
[Round "5.1"]
[White "Simpson, Rui"]
[Black "Summers, Charles"]
[Result "0-1"]
[WhiteElo "1718"]
[BlackElo "1859"]
[PlyCount "84"]
[EventDate "2019.04.19"]
[EventType "swiss"]
[EventRounds "7"]
[EventCountry "WLS"]

1. c4 c5 2. Nc3 Nc6 3. g3 g6 4. Bg2 Bg7 5. d3 d6 6. Nf3 h6 7. a3 e5 8. O-O Be6
9. Rb1 Qd7 10. b4 Nge7 11. b5 Nd4 12. Nxd4 cxd4 13. Ne4 f5 14. Nd2 O-O 15. Nb3
Rac8 16. Bd2 g5 17. e3 dxe3 18. Bxe3 b6 19. f4 gxf4 20. gxf4 Kh7 21. Nd2 Ng6
22. Bc6 Qe7 23. fxe5 dxe5 24. a4 f4 25. Bf2 Bh3 26. Qh5 Bxf1 27. Be4 Qg5+ 28.
Qxg5 hxg5 29. Rxf1 Kh6 30. Kg2 g4 31. Nb1 Bf6 32. Nc3 f3+ 33. Kg3 Bh4+ 34. Kxg4
Rf4+ 35. Kh3 Bxf2 36. Rxf2 Rcf8 37. Kg3 Rg8 38. Bf5 Rg7 39. Be4 Nh4+ 40. Kh3
Ng2 41. Rxg2 fxg2 42. Bxg2 Kh5 0-1

[Event "2019 Tom Weston Open Major"]
[Site "Cardiff"]
[Date "2019.04.21"]
[Round "5.2"]
[White "Di-Vetta, Andrew"]
[Black "Buttell, David"]
[Result "1/2-1/2"]
[WhiteElo "1730"]
[BlackElo "1809"]
[PlyCount "76"]
[EventDate "2019.04.19"]
[EventType "swiss"]
[EventRounds "7"]
[EventCountry "WLS"]

1. c4 {[%emt 0:00:03]} b6 {[%emt 0:03:02]} 2. Nf3 {[%emt 0:00:34]} Bb7 {
[%emt 0:00:12]} 3. Nc3 {[%emt 0:00:16]} Nf6 {[%emt 0:00:29]} 4. d4 {[%emt 0:00:
28]} e6 {[%emt 0:00:09]} 5. Qc2 {[%emt 0:01:52]} d5 {[%emt 0:01:24]} 6. Bg5 {
[%emt 0:01:33]} Be7 {[%emt 0:00:18]} 7. e3 {[%emt 0:00:29]} Nbd7 {[%emt 0:00:
19]} 8. cxd5 {[%emt 0:01:30]} exd5 {[%emt 0:02:46]} 9. Bd3 {[%emt 0:00:59]} h6
{[%emt 0:00:17]} 10. Bf4 {[%emt 0:00:40]} c6 {[%emt 0:01:02]} 11. a4 {[%emt 0:
02:28]} O-O 12. h3 Re8 13. O-O c5 14. Nb5 Rf8 15. Nd6 Bc6 16. Nf5 c4 17. Nxe7+
Qxe7 18. Bf5 a6 19. Nd2 b5 20. axb5 axb5 21. g4 g5 22. Bg3 Rfe8 23. h4 Ne4 24.
Nxe4 dxe4 25. hxg5 hxg5 26. Kg2 Kg7 27. Rh1 Rxa1 28. Rxa1 Ra8 29. Rxa8 Bxa8 30.
Qc3 Bd5 31. Qa5 Be6 32. Qxb5 Bxf5 33. Qxf5 f6 34. Qd5 Nb6 35. Qc5 Qe6 36. Qc7+
Kg6 37. Kh3 Nd5 38. Qb8 Nb6 1/2-1/2

[Event "2019 Tom Weston Open Major"]
[Site "Cardiff"]
[Date "2019.04.21"]
[Round "5.3"]
[White "Morgans, Justin"]
[Black "Van Veelen, Thomas"]
[Result "0-1"]
[WhiteElo "1660"]
[BlackElo "2056"]
[PlyCount "82"]
[EventDate "2019.04.19"]
[EventType "swiss"]
[EventRounds "7"]
[EventCountry "WLS"]
[WhiteClock "1:18:09"]
[BlackClock "1:19:36"]

1. e4 {[%emt 0:00:09]} e6 {[%emt 0:00:05]} 2. d4 {[%emt 0:00:08]} d5 {[%emt 0:
00:09]} 3. Nd2 {[%emt 0:00:15]} c5 {[%emt 0:00:17]} 4. c3 {[%emt 0:00:11]} Nc6
{[%emt 0:02:24]} 5. Ngf3 {[%emt 0:02:20]} Nf6 {[%emt 0:02:20]} 6. e5 {[%emt 0:
02:33]} Nd7 {[%emt 0:00:02]} 7. Bd3 {[%emt 0:02:25]} Qb6 {[%emt 0:09:17]} 8.
Qa4 {[%emt 0:08:10]} f6 9. exf6 Nxf6 10. O-O Bd7 11. Bb5 Bd6 12. Bxc6 bxc6 13.
Ne5 O-O 14. Nxd7 Nxd7 15. Nf3 cxd4 16. cxd4 e5 17. Be3 e4 18. Ne5 Qc7 19. Qxc6
Nxe5 20. Qxd5+ Nf7 21. Qxe4 Bxh2+ 22. Kh1 Rae8 23. Qh4 Bd6 24. Kg1 Nh8 25. Rae1
Ng6 26. Qg5 Qf7 27. a3 Nf4 28. Bxf4 Bxf4 29. Qh4 Qf6 30. Qxf6 gxf6 31. Rxe8
Rxe8 32. Rd1 Re2 33. g3 Bd6 34. b4 Kf7 35. Kg2 Ke6 36. Kf3 Ra2 37. Rd3 Kd5 38.
Ke3 f5 39. Rc3 h5 40. Rd3 Kc4 41. d5 f4+ 0-1

[Event "2019 Tom Weston Open Major"]
[Site "Cardiff"]
[Date "2019.04.21"]
[Round "5.4"]
[White "Mcintosh, Rachel"]
[Black "Quinn, Peter"]
[Result "1/2-1/2"]
[WhiteElo "1502"]
[BlackElo "1784"]
[PlyCount "69"]
[EventDate "2019.04.19"]
[EventType "swiss"]
[EventRounds "7"]
[EventCountry "WLS"]

1. e4 {[%emt 0:00:03]} Nf6 {[%emt 0:00:27]} 2. e5 {[%emt 0:00:21]} Nd5 {
[%emt 0:00:12]} 3. d4 {[%emt 0:00:51]} d6 {[%emt 0:00:50]} 4. Nf3 {[%emt 0:00:
34]} g6 {[%emt 0:02:13]} 5. Bc4 {[%emt 0:01:21]} Nb6 {[%emt 0:01:23]} 6. Bb3 {
[%emt 0:01:26]} Bg7 {[%emt 0:01:33]} 7. Ng5 {[%emt 0:01:54]} O-O {[%emt 0:03:
00]} 8. e6 {[%emt 0:01:47]} d5 {[%emt 0:08:10]} 9. Nxf7 {[%emt 0:10:11]} Qe8 {
[%emt 0:00:44]} 10. Qg4 {[%emt 0:14:48]} Qc6 {[%emt 0:04:24]} 11. Nh6+ {
[%emt 0:06:08]} Kh8 {[%emt 0:01:04]} 12. O-O {[%emt 0:04:26]} Bxe6 {[%emt 0:02:
50]} 13. Qh4 {[%emt 0:03:49]} Bf6 {[%emt 0:03:16]} 14. Bg5 {[%emt 0:04:05]}
N8d7 {[%emt 0:02:47]} 15. c3 {[%emt 0:08:25]} Bxg5 {[%emt 0:10:53]} 16. Qxg5 {
[%emt 0:00:46]} Rf6 {[%emt 0:01:21]} 17. Nd2 {[%emt 0:06:55]} Qd6 {[%emt 0:11:
22]} 18. Rfe1 {[%emt 0:05:09]} Nf8 {[%emt 0:06:27]} 19. Re5 {[%emt 0:05:11]} c6
{[%emt 0:06:23]} 20. Rae1 {[%emt 0:01:28]} Re8 {[%emt 0:06:02]} 21. Bd1 {
[%emt 0:04:38]} Nc8 {[%emt 0:11:41]} 22. Bg4 {[%emt 0:02:09]} Bxg4 {[%emt 0:02:
19]} 23. Nxg4 {[%emt 0:01:21]} Rf7 {[%emt 0:00:59]} 24. Nh6 {[%emt 0:02:15]}
Rf6 {[%emt 0:00:25]} 25. Nf3 {[%emt 0:01:14]} Kg7 {[%emt 0:01:07]} 26. Ng4 {
[%emt 0:01:26]} Rf7 {[%emt 0:00:47]} 27. Qh6+ {[%emt 0:01:11]} Kg8 {[%emt 0:00:
54]} 28. Ng5 {[%emt 0:01:07]} Rg7 {[%emt 0:00:28]} 29. Ne6 {[%emt 0:01:00]} Rf7
{[%emt 0:00:21]} 30. Nxf8 {[%emt 0:01:22]} Rexf8 {[%emt 0:00:13]} 31. Qe3 {
[%emt 0:01:07]} Kg7 {[%emt 0:00:19]} 32. Re6 {[%emt 0:01:05]} Qf4 {[%emt 0:00:
21]} 33. Qxf4 {[%emt 0:01:52]} Rxf4 {[%emt 0:00:08]} 34. f3 {[%emt 0:00:33]} h5
{[%emt 0:02:23]} 35. Nf2 {[%emt 0:02:03]} 1/2-1/2

[Event "2019 Tom Weston Open Major"]
[Site "Cardiff"]
[Date "2019.04.21"]
[Round "5.5"]
[White "Lewis, David"]
[Black "Thomas, Roy"]
[Result "0-1"]
[WhiteElo "1558"]
[BlackElo "1737"]
[PlyCount "62"]
[EventDate "2019.04.19"]
[EventType "swiss"]
[EventRounds "7"]
[EventCountry "WLS"]

1. e4 {[%emt 0:02:43]} c5 {[%emt 0:00:43]} 2. Nf3 {[%emt 0:00:26]} Nc6 {
[%emt 0:00:08]} 3. d4 {[%emt 0:01:20]} cxd4 {[%emt 0:00:05]} 4. Nxd4 {[%emt 0:
00:24]} e5 {[%emt 0:00:29]} 5. Nb3 {[%emt 0:04:18]} d6 {[%emt 0:11:34]} 6. Nc3
{[%emt 0:10:26]} Be7 {[%emt 0:05:49]} 7. Be2 {[%emt 0:07:02]} Nf6 {[%emt 0:02:
02]} 8. O-O {[%emt 0:01:35]} O-O {[%emt 0:00:26]} 9. Be3 {[%emt 0:04:58]} Be6 {
[%emt 0:13:32]} 10. Kh1 {[%emt 0:10:32]} d5 {[%emt 0:07:49]} 11. exd5 {[%emt 0:
00:21]} Nxd5 {[%emt 0:00:10]} 12. Nxd5 {[%emt 0:04:07]} Bxd5 {[%emt 0:00:48]}
13. c4 {[%emt 0:05:24]} Be6 {[%emt 0:07:01]} 14. Nc5 {[%emt 0:03:43]} Bxc5 {
[%emt 0:00:27]} 15. Bxc5 {[%emt 0:00:03]} Re8 {[%emt 0:00:10]} 16. f4 {[%emt 0:
14:32]} b6 {[%emt 0:14:28]} 17. Bd6 {[%emt 0:06:27]} e4 {[%emt 0:01:27]} 18. f5
{[%emt 0:00:38]} Bc8 {[%emt 0:00:16]} 19. Qd5 {[%emt 0:03:02]} Bb7 {[%emt 0:08:
49]} 20. Rad1 {[%emt 0:04:28]} Qf6 {[%emt 0:01:41]} 21. Qd2 {[%emt 0:03:36]}
Rad8 {[%emt 0:00:17]} 22. Qf4 {[%emt 0:00:21]} Nd4 {[%emt 0:04:31]} 23. Bc7 {
[%emt 0:05:15]} Rd7 {[%emt 0:05:54]} 24. Bg4 {[%emt 0:02:53]} e3 {[%emt 0:00:
13]} 25. Rfe1 {[%emt 0:01:01]} Qc6 {[%emt 0:00:39]} 26. Bh3 {[%emt 0:00:35]}
Re4 {[%emt 0:01:59]} 27. Qg5 {[%emt 0:01:21]} h6 {[%emt 0:02:14]} 28. Qg3 {
[%emt 0:01:20]} Qxc7 {[%emt 0:00:47]} 29. Rxe3 {[%emt 0:00:21]} Qxg3 {[%emt 0:
00:56]} 30. Rxg3 {[%emt 0:00:03]} Rde7 {[%emt 0:01:44]} 31. Kg1 {[%emt 0:01:16]
} Ne2+ {[%emt 0:00:23]} 0-1

[Event "2019 Tom Weston Open Major"]
[Site "Cardiff"]
[Date "2019.04.21"]
[Round "5.6"]
[White "Roberts, David L"]
[Black "Williams, Gavin"]
[Result "1-0"]
[WhiteElo "1999"]
[BlackElo "1646"]
[PlyCount "49"]
[EventDate "2019.04.19"]
[EventType "swiss"]
[EventRounds "7"]
[EventCountry "WLS"]

1. e4 {[%emt 0:00:05]} e6 {[%emt 0:00:16]} 2. d4 {[%emt 0:00:07]} d5 {[%emt 0:
00:08]} 3. Nd2 {[%emt 0:00:05]} dxe4 {[%emt 0:02:56]} 4. Nxe4 {[%emt 0:00:12]}
Bd7 {[%emt 0:00:16]} 5. Nf3 {[%emt 0:04:02]} Bc6 {[%emt 0:00:46]} 6. Ng3 {
[%emt 0:00:55]} Nd7 {[%emt 0:00:34]} 7. Bd3 {[%emt 0:02:03]} Ngf6 {[%emt 0:01:
48]} 8. O-O {[%emt 0:01:14]} Bxf3 {[%emt 0:01:03]} 9. Qxf3 {[%emt 0:00:07]} c6
{[%emt 0:00:12]} 10. b3 {[%emt 0:02:36]} Be7 {[%emt 0:01:43]} 11. Bb2 {[%emt 0:
00:21]} O-O {[%emt 0:00:28]} 12. c4 {[%emt 0:01:44]} Re8 {[%emt 0:03:16]} 13.
Rad1 {[%emt 0:02:39]} Nf8 {[%emt 0:02:44]} 14. h4 {[%emt 0:02:26]} Qc7 {
[%emt 0:02:09]} 15. h5 {[%emt 0:03:41]} h6 {[%emt 0:00:43]} 16. Rfe1 {[%emt 0:
08:28]} Rad8 {[%emt 0:02:24]} 17. Bb1 {[%emt 0:02:48]} b5 {[%emt 0:11:33]} 18.
d5 {[%emt 0:17:47]} cxd5 {[%emt 0:01:06]} 19. cxd5 {[%emt 0:07:04]} Nxd5 {
[%emt 0:01:23]} 20. Nf5 {[%emt 0:01:23]} Bf6 {[%emt 0:00:57]} 21. Nxh6+ {
[%emt 0:07:46]} Kh8 {[%emt 0:02:04]} 22. Be5 {[%emt 0:18:37]} Qe7 {[%emt 0:05:
16]} 23. Ng4 {[%emt 0:01:16]} Bxe5 {[%emt 0:03:03]} 24. Nxe5 {[%emt 0:00:12]}
Qf6 {[%emt 0:00:59]} 25. Nxf7+ {[%emt 0:01:45]} 1-0

[Event "2019 Tom Weston Open Major"]
[Site "Cardiff"]
[Date "2019.04.21"]
[Round "5.7"]
[White "Robinson, David"]
[Black "Mcintosh, David"]
[Result "0-1"]
[WhiteElo "1905"]
[BlackElo "1484"]
[PlyCount "148"]
[EventDate "2019.04.19"]
[EventType "swiss"]
[EventRounds "7"]
[EventCountry "WLS"]

1. d4 {[%emt 0:00:05]} d5 {[%emt 0:00:13]} 2. Nf3 {[%emt 0:00:14]} Nf6 {
[%emt 0:00:19]} 3. Bf4 {[%emt 0:00:22]} e6 {[%emt 0:00:52]} 4. e3 {[%emt 0:00:
27]} c5 {[%emt 0:00:43]} 5. c3 {[%emt 0:00:26]} Nc6 {[%emt 0:01:33]} 6. Nbd2 {
[%emt 0:00:37]} a6 {[%emt 0:07:01]} 7. Bd3 {[%emt 0:01:01]} c4 {[%emt 0:04:44]}
8. Bc2 {[%emt 0:00:16]} b5 {[%emt 0:05:55]} 9. Ne5 {[%emt 0:01:23]} Bb7 {
[%emt 0:04:46]} 10. Qf3 {[%emt 0:01:16]} Nxe5 {[%emt 0:08:58]} 11. dxe5 {
[%emt 0:01:27]} Nd7 {[%emt 0:01:22]} 12. O-O {[%emt 0:01:05]} Qc7 {[%emt 0:05:
00]} 13. Qg3 {[%emt 0:01:22]} h6 {[%emt 0:03:58]} 14. h4 {[%emt 0:00:28]} O-O-O
{[%emt 0:06:22]} 15. Nf3 {[%emt 0:00:47]} g6 {[%emt 0:03:45]} 16. a4 {[%emt 0:
06:21]} Be7 {[%emt 0:03:34]} 17. axb5 {[%emt 0:01:25]} axb5 {[%emt 0:00:17]}
18. Nd4 {[%emt 0:02:24]} Qb6 {[%emt 0:01:50]} 19. Ra2 {[%emt 0:07:04]} Rdg8 {
[%emt 0:01:21]} 20. Qf3 {[%emt 0:00:25]} f6 {[%emt 0:04:36]} 21. exf6 {[%emt 0:
01:56]} Bxf6 {[%emt 0:00:30]} 22. Nxb5 {[%emt 0:07:19]} Qxb5 {[%emt 0:00:35]}
23. Ba4 {[%emt 0:00:50]} Qb6 {[%emt 0:01:30]} 24. Rfa1 {[%emt 0:01:39]} Rf8 {
[%emt 0:05:21]} 25. Bxd7+ {[%emt 0:04:59]} Kxd7 {[%emt 0:00:07]} 26. Qd1 {
[%emt 0:00:30]} Ra8 {[%emt 0:03:29]} 27. Qg4 {[%emt 0:01:12]} Rxa2 {[%emt 0:02:
31]} 28. Rxa2 {[%emt 0:00:14]} g5 {[%emt 0:00:42]} 29. Bg3 {[%emt 0:03:11]} Ra8
{[%emt 0:03:03]} 30. Rxa8 {[%emt 0:00:31]} Bxa8 {[%emt 0:00:04]} 31. Qh5 {
[%emt 0:00:26]} gxh4 {[%emt 0:01:31]} 32. Qf7+ {[%emt 0:03:33]} Be7 {[%emt 0:
00:07]} 33. Bxh4 {[%emt 0:01:32]} Qd8 {[%emt 0:00:31]} 34. Qh7 {[%emt 0:02:00]}
Qf8 {[%emt 0:00:42]} 35. Kf1 {[%emt 0:01:29]} Kd6 {[%emt 0:01:00]} 36. Bxe7+ {
[%emt 0:02:55]} Qxe7 {[%emt 0:00:06]} 37. Qxh6 {[%emt 0:00:40]} Bc6 {[%emt 0:
00:28]} 38. g4 {[%emt 0:00:45]} Ba4 {[%emt 0:01:09]} 39. Qg6 {[%emt 0:02:03]}
Qh4 {[%emt 0:02:01]} 40. Kg2 {[%emt 0:01:48]} Bc6 {[%emt 0:01:32]} 41. f3 {
[%emt 0:02:21]} Qe1 {[%emt 0:00:21]} 42. Qg5 {[%emt 0:00:55]} Qe2+ {[%emt 0:02:
37]} 43. Kg3 {[%emt 0:01:39]} Qxb2 {[%emt 0:03:47]} 44. Qd8+ {[%emt 0:01:34]}
Bd7 {[%emt 0:00:30]} 45. Qf8+ {[%emt 0:01:34]} Kc6 {[%emt 0:00:49]} 46. Qf6 {
[%emt 0:00:23]} Qd2 {[%emt 0:02:55]} 47. Qe5 {[%emt 0:03:53]} Qc1 {[%emt 0:02:
04]} 48. Kg2 {[%emt 0:00:33]} Qb2+ {[%emt 0:00:40]} 49. Kg3 {[%emt 0:01:47]}
Qa3 {[%emt 0:01:16]} 50. f4 {[%emt 0:00:58]} Qc1 {[%emt 0:03:37]} 51. Kg2 {
[%emt 0:05:40]} Qc2+ {[%emt 0:02:13]} 52. Kg3 {[%emt 0:00:54]} Qe4 {[%emt 0:01:
12]} 53. Qxe4 {[%emt 0:03:58]} dxe4 {[%emt 0:00:08]} 54. Kh4 {[%emt 0:00:30]}
Kb5 {[%emt 0:01:52]} 55. Kg5 {[%emt 0:00:49]} Ka4 {[%emt 0:02:33]} 56. Kf6 {
[%emt 0:00:31]} Kb3 {[%emt 0:00:54]} 57. Ke7 {[%emt 0:00:28]} Bc8 {[%emt 0:00:
12]} 58. g5 {[%emt 0:00:41]} Kxc3 {[%emt 0:07:14]} 59. g6 {[%emt 0:00:25]} Kd2
{[%emt 0:02:18]} 60. g7 {[%emt 0:00:19]} c3 {[%emt 0:00:25]} 61. g8=Q {[%emt 0:
00:24]} Ba6 {[%emt 0:01:05]} 62. Qxe6 {[%emt 0:01:50]} Bd3 {[%emt 0:00:51]} 63.
Qa2+ {[%emt 0:06:36]} c2 {[%emt 0:00:28]} 64. f5 {[%emt 0:00:32]} Kxe3 {
[%emt 0:00:30]} 65. Qb2 {[%emt 0:00:44]} Kd2 {[%emt 0:01:44]} 66. f6 {[%emt 0:
02:46]} e3 {[%emt 0:01:47]} 67. f7 {[%emt 0:00:51]} e2 {[%emt 0:00:24]} 68.
Qb4+ {[%emt 0:02:37]} Kd1 {[%emt 0:00:32]} 69. Qc3 {[%emt 0:01:39]} e1=Q+ {
[%emt 0:00:27]} 70. Qxe1+ {[%emt 0:00:44]} Kxe1 {[%emt 0:00:05]} 71. f8=Q {
[%emt 0:00:41]} c1=Q {[%emt 0:00:13]} 72. Qf3 {[%emt 0:01:20]} Qa3+ {[%emt 0:
01:59]} 73. Kd8 {[%emt 0:01:03]} Qd6+ {[%emt 0:00:43]} 74. Ke8 {[%emt 0:02:11]}
Bg6+ {[%emt 0:00:12]} 0-1

[Event "2019 Tom Weston Open Major"]
[Site "Cardiff"]
[Date "2019.04.21"]
[Round "5.9"]
[White "Blackmore, Simon"]
[Black "Sipho, Donovon"]
[Result "0-1"]
[WhiteElo "1738"]
[BlackElo "1486"]
[PlyCount "110"]
[EventDate "2019.04.19"]
[EventType "swiss"]
[EventRounds "7"]
[EventCountry "WLS"]

1. e4 {[%emt 0:00:01]} c5 {[%emt 0:00:05]} 2. Nf3 {[%emt 0:00:06]} Nc6 {
[%emt 0:00:08]} 3. c3 {[%emt 0:00:16]} e5 {[%emt 0:00:22]} 4. d4 {[%emt 0:00:
16]} exd4 {[%emt 0:01:30]} 5. cxd4 {[%emt 0:01:16]} Nxd4 {[%emt 0:00:14]} 6.
Nxd4 cxd4 {[%emt 0:00:22]} 7. Qxd4 {[%emt 0:08:48]} Ne7 {[%emt 0:11:10]} 8. Bf4
{[%emt 0:01:14]} Nc6 {[%emt 0:03:43]} 9. Qd2 {[%emt 0:04:11]} Bb4 {[%emt 0:00:
08]} 10. Nc3 {[%emt 0:01:20]} Qf6 {[%emt 0:00:54]} 11. Rc1 {[%emt 0:00:39]} O-O
{[%emt 0:03:07]} 12. a3 Ba5 {[%emt 0:07:43]} 13. b4 {[%emt 0:00:15]} Bd8 {
[%emt 0:08:23]} 14. Bb5 {[%emt 0:04:45]} Qd4 {[%emt 0:02:09]} 15. Rc2 {[%emt 0:
03:44]} a6 {[%emt 0:00:49]} 16. Bd3 {[%emt 0:02:46]} Ne5 {[%emt 0:01:25]} 17.
Be2 {[%emt 0:03:40]} Qxd2+ 18. Rxd2 {[%emt 0:02:34]} Ng6 {[%emt 0:00:11]} 19.
Bg3 {[%emt 0:00:41]} Bf6 {[%emt 0:03:34]} 20. Nd5 {[%emt 0:06:04]} Bd8 {
[%emt 0:08:09]} 21. O-O {[%emt 0:02:00]} Re8 {[%emt 0:00:16]} 22. f3 {[%emt 0:
00:24]} b5 {[%emt 0:03:09]} 23. Bc7 {[%emt 0:00:41]} Bb7 {[%emt 0:05:37]} 24.
Bxd8 {[%emt 0:01:08]} Bxd5 {[%emt 0:00:32]} 25. Rxd5 {[%emt 0:01:30]} Rexd8 {
[%emt 0:01:30]} 26. g3 {[%emt 0:02:21]} Kf8 {[%emt 0:00:02]} 27. Rfd1 {[%emt 0:
02:20]} Ke7 {[%emt 0:00:35]} 28. f4 {[%emt 0:01:25]} d6 {[%emt 0:01:07]} 29.
Bf3 {[%emt 0:02:06]} Rac8 {[%emt 0:02:23]} 30. R1d3 {[%emt 0:07:18]} f6 {
[%emt 0:03:23]} 31. h4 {[%emt 0:00:43]} Nf8 {[%emt 0:01:41]} 32. e5 {[%emt 0:
10:54]} dxe5 {[%emt 0:03:55]} 33. Rxd8 {[%emt 0:00:11]} Rxd8 {[%emt 0:00:07]}
34. Rxd8 {[%emt 0:00:13]} Kxd8 {[%emt 0:00:05]} 35. fxe5 {[%emt 0:00:08]} fxe5
{[%emt 0:00:16]} 36. Bb7 {[%emt 0:00:08]} Kc7 {[%emt 0:00:31]} 37. Bxa6 {
[%emt 0:00:19]} Kc6 {[%emt 0:00:17]} 38. Kf2 {[%emt 0:00:20]} Ne6 {[%emt 0:01:
10]} 39. Bc8 {[%emt 0:00:24]} Nd4 {[%emt 0:00:23]} 40. Ke3 {[%emt 0:02:14]}
Nc2+ {[%emt 0:00:45]} 41. Ke4 {[%emt 0:00:12]} Kd6 {[%emt 0:00:10]} 42. Kd3 {
[%emt 0:00:48]} Nxa3 {[%emt 0:00:12]} 43. Ba6 {[%emt 0:01:57]} Kd5 {[%emt 0:01:
08]} 44. Bb7+ {[%emt 0:00:18]} Kd6 {[%emt 0:00:13]} 45. Ba6 {[%emt 0:00:40]}
Kc6 {[%emt 0:04:27]} 46. Bc8 {[%emt 0:00:28]} Nc4 {[%emt 0:00:28]} 47. Bf5 {
[%emt 0:03:38]} h6 {[%emt 0:03:52]} 48. Be4+ {[%emt 0:05:37]} Kd6 {[%emt 0:00:
47]} 49. Bb7 {[%emt 0:00:40]} Ke6 {[%emt 0:00:35]} 50. Ba6 {[%emt 0:00:52]} Nd6
{[%emt 0:00:17]} 51. Ke3 {[%emt 0:00:47]} Kf5 {[%emt 0:00:23]} 52. Kf3 {
[%emt 0:02:11]} e4+ {[%emt 0:00:12]} 53. Kf2 {[%emt 0:00:14]} h5 {[%emt 0:00:
29]} 54. Ke3 {[%emt 0:01:14]} Ke5 {[%emt 0:00:05]} 55. Ke2 {[%emt 0:00:49]} Kd4
{[%emt 0:03:50]} 0-1